Ética demostrada según el orden geométrico /

Bewaard in:
Bibliografische gegevens
Hoofdauteur: Spinoza, Benedictus de (autor.)
Formaat: E-boek
Taal:Spaans
Gepubliceerd in: Bogotá : Sképsi, 2025.
Reeks:Biblioteca magna.
Onderwerpen:
Online toegang:https://elibro.unach.elogim.com/es/lc/unach/titulos/290184
Tags: Voeg label toe
Geen labels, Wees de eerste die dit record labelt!

MARC

LEADER 00000nam a2200000 i 4500
001 ELB290184
003 FINmELB
005 20260122112932.0
006 m o u
007 cr cn|||||||||
008 260122s2025 ck ob 000 0 spa d
020 |z 9789585024885 
035 |a (OCoLC)1569876084 
040 |a FINmELB  |b spa  |e rda  |c FINmELB 
050 1 4 |a BJ47  |b S758 2025 
080 |a 2:17 
082 0 4 |a 205  |2 23 
100 1 |a Spinoza, Benedictus de,  |e autor. 
245 1 0 |a Ética demostrada según el orden geométrico /  |c Baruch de Espinosa. 
264 1 |a Bogotá :  |b Sképsi,  |c 2025. 
300 |a 1 recurso en línea (344 páginas) 
336 |a texto  |b txt  |2 rdamedia/spa 
337 |a computadora  |b c  |2 rdamedia/spa 
338 |a recurso en línea  |b cr  |2 rdacarrier/spa 
490 1 |a Biblioteca magna 
504 |a Contiene bibliografía. 
588 |a Descripción basada en metadatos suministrados por el editor y otras fuentes. 
590 |a Recurso electrónico. Santa Fe, Arg.: elibro, 2026. Disponible vía World Wide Web. El acceso puede estar limitado para las bibliotecas afiliadas a elibro. 
650 4 |a Religión y ética. 
650 4 |a Conducta. 
655 4 |a Libros electrónicos. 
797 2 |a elibro, Corp. 
830 0 |a Biblioteca magna. 
856 4 0 |u https://elibro.unach.elogim.com/es/lc/unach/titulos/290184